| 000 | 00390nam a2200145Ia 4500 | ||
|---|---|---|---|
| 008 | 151021s9999 xx 000 0 und d | ||
| 020 | _a9.780071102e+012 | ||
| 050 | _aQA331.S619 2008 | ||
| 245 | _a_Calculus (3rd ed) | ||
| 260 | _aUSA Mc Graw-Hill 2009 | ||
| 300 | _axxxii,1253+105p.'ill. | ||
| 500 | _ainclude index | ||
| 650 | _a_Integration | ||
| 980 | _a^d20110114 10:39:44^okorir | ||
| 999 |
_c5988 _d5988 |
||